| 000 | 00702nam a2200277Ia 4500 | ||
|---|---|---|---|
| 008 | 160803s9999 xx 000 0 und d | ||
| 020 | _a9780545274456 (pbk.) | ||
| 100 | _aMack, Jeff | ||
| 245 | _aHippo and Rabbit in three short tales / | ||
| 245 | _cJeff Mack. | ||
| 260 | _aNew York : | ||
| 260 | _bScholastic Inc. | ||
| 260 | _c2011 | ||
| 300 | _a32 pages : | ||
| 300 | _bcolor illustrations ; | ||
| 300 | _c23 cm. | ||
| 440 | _aScholastic reader. | ||
| 440 | _vLevel 1. | ||
| 650 | _aFriendship -- | ||
| 650 | _aHippopotamus -- | ||
| 650 | _aRabbits -- | ||
| 650 | _xJuvenile fiction. | ||
| 650 | _xJuvenile fiction. | ||
| 650 | _xJuvenile fiction. | ||
| 700 | _aBR | ||
| 999 |
_c299108 _d299108 |
||